<?xml version="1.0" encoding="UTF-8"?>
<record
    xmlns:xsi="http://www.w3.org/2001/XMLSchema-instance"
    xsi:schemaLocation="http://www.loc.gov/MARC21/slim http://www.loc.gov/standards/marcxml/schema/MARC21slim.xsd"
    xmlns="http://www.loc.gov/MARC21/slim">

  <leader>01951nam a2200265 i 4500</leader>
  <controlfield tag="003">DO-SdBNP</controlfield>
  <controlfield tag="005">20250407144107.0</controlfield>
  <controlfield tag="007">ta</controlfield>
  <controlfield tag="008">100211s1977    dr c          000 0 spa d</controlfield>
  <datafield tag="040" ind1=" " ind2=" ">
    <subfield code="a">DO-SdBNP</subfield>
    <subfield code="b">spa</subfield>
    <subfield code="c">BNPHU</subfield>
    <subfield code="e">rda</subfield>
  </datafield>
  <datafield tag="082" ind1=" " ind2="4">
    <subfield code="a">320. 97293</subfield>
    <subfield code="b">T231d 1977</subfield>
    <subfield code="2">22</subfield>
  </datafield>
  <datafield tag="100" ind1="1" ind2=" ">
    <subfield code="a">Tav&#xE1;rez Justo, Manolo,</subfield>
    <subfield code="d">1931-1963</subfield>
    <subfield code="e">autor</subfield>
    <subfield code="4">aut.</subfield>
    <subfield code="9">35025</subfield>
  </datafield>
  <datafield tag="245" ind1="1" ind2="0">
    <subfield code="a">Discursos pol&#xED;ticos /</subfield>
    <subfield code="c">Manolo Tav&#xE1;rez Justo.</subfield>
  </datafield>
  <datafield tag="264" ind1=" " ind2="1">
    <subfield code="a">Santo Domingo :</subfield>
    <subfield code="b">Comite Permanente Pro-Homejane a Manolo Tav&#xE1;rez,</subfield>
    <subfield code="c">1983.</subfield>
  </datafield>
  <datafield tag="300" ind1=" " ind2=" ">
    <subfield code="a">84 p&#xE1;ginas :</subfield>
    <subfield code="b">retratos ;</subfield>
    <subfield code="c">20 cm.</subfield>
  </datafield>
  <datafield tag="336" ind1=" " ind2=" ">
    <subfield code="a">texto</subfield>
    <subfield code="b">txt</subfield>
    <subfield code="2">rdacontent</subfield>
  </datafield>
  <datafield tag="337" ind1=" " ind2=" ">
    <subfield code="a">sin mediaci&#xF3;n</subfield>
    <subfield code="b">n</subfield>
    <subfield code="2">rdamedia</subfield>
  </datafield>
  <datafield tag="338" ind1=" " ind2=" ">
    <subfield code="a">volumen</subfield>
    <subfield code="b">nc</subfield>
    <subfield code="2">rdacarrier</subfield>
  </datafield>
  <datafield tag="505" ind1="0" ind2=" ">
    <subfield code="a">Presentaci&#xF3;n -- </subfield>
    <subfield code="t">Discurso ante la Asamblea del Movimiento Revolucionario 14 de Junio. 30 de julio de 1961 -- </subfield>
    <subfield code="t">Discurso en la concentraci&#xF3;n celebrada por el 14 de Junio el 19 de agosto de 1961 en el parque Duarte de la ciudad de Santiago --</subfield>
    <subfield code="t">Discurso pronunciado en el acto celebrado por el 14 de Junio en el Parque Col&#xF3;n de la ciudad capital el 16 de septiembre de 1961 -- </subfield>
    <subfield code="t">Texto de salutaci&#xF3;n emitida por la voz del Tr&#xF3;pico al regresar al pa&#xED;s, tras presidir la misi&#xF3;n del 14 de Junio, que propugn&#xF3; por el mantenimiento de las sanciones del gobierno del Dr. Balaguer --</subfield>
    <subfield code="t"> Discurso pronunciado por Manolo Tav&#xE1;rez en la gran concentraci&#xF3;n celebrada el 14 de junio de 1962 en el Parque Independencia -- </subfield>
    <subfield code="t"> Informe in&#xE9;dito de Manolo Tav&#xE1;rez ante la Primera Asamblea Extraordinaria de la Agrupaci&#xF3;n Pol&#xED;tica 14 de Junio celebrada el 8 de diciembre de 1962 en la ciudada capital -- </subfield>
    <subfield code="t">Discurso pronunciado el 14 de junio de 1963 por Manolo Tav&#xE1;rez en el aniversario de la gesta del 14 de junio de 1959.</subfield>
  </datafield>
  <datafield tag="590" ind1=" " ind2=" ">
    <subfield code="a">Inventariado, 2025/BT</subfield>
  </datafield>
  <datafield tag="600" ind1="1" ind2="4">
    <subfield code="a">Tav&#xE1;rez Justo Manolo,</subfield>
    <subfield code="d">1931-1963</subfield>
    <subfield code="x">Discursos</subfield>
    <subfield code="9">71488</subfield>
  </datafield>
  <datafield tag="651" ind1=" " ind2="4">
    <subfield code="a">Rep&#xFA;blica Dominicana</subfield>
    <subfield code="x">Pol&#xED;tica y gobierno</subfield>
    <subfield code="x">Ensayos, conferencias, etc.</subfield>
    <subfield code="y">1961-1963</subfield>
    <subfield code="9">35028</subfield>
  </datafield>
  <datafield tag="910" ind1=" " ind2=" ">
    <subfield code="a">Btav&#xE1;rez</subfield>
  </datafield>
  <datafield tag="942" ind1=" " ind2=" ">
    <subfield code="2">ddc</subfield>
    <subfield code="c">LBS1</subfield>
  </datafield>
  <datafield tag="952" ind1=" " ind2=" ">
    <subfield code="0">0</subfield>
    <subfield code="1">0</subfield>
    <subfield code="2">ddc</subfield>
    <subfield code="5">1</subfield>
    <subfield code="7">0</subfield>
    <subfield code="8">PD</subfield>
    <subfield code="a">BNPHU</subfield>
    <subfield code="b">BNPHU</subfield>
    <subfield code="c">CT</subfield>
    <subfield code="d">2025-04-07</subfield>
    <subfield code="e">Donado por Ilonka Nacidit Perdomo</subfield>
    <subfield code="l">0</subfield>
    <subfield code="o">BNPHU PD 320. 97293 T231d 1977</subfield>
    <subfield code="p">2025-2814</subfield>
    <subfield code="r">2025-04-07</subfield>
    <subfield code="w">2025-04-07</subfield>
    <subfield code="y">LBS1</subfield>
  </datafield>
  <datafield tag="999" ind1=" " ind2=" ">
    <subfield code="c">58649</subfield>
    <subfield code="d">58649</subfield>
  </datafield>
</record>
